00293nam a22001097a 4500020001800000082001200018100003700030245003400067260005000101300000700151650002500158 a9789179996833 a291 ROS aRosen, Henrik and Carlberg,Elias aPeace in the Name of Religion aSwedenbThe Christian Council of Swedenc2020 a95 aComparative Religion